Money or your life? (Record no. 80147)

MARC details
000 -LEADER
fixed length control field 00992cab a22002055a 4500
001 - CONTROL NUMBER
control field L143354
008 - FIXED-LENGTH DATA ELEMENTS--GENERAL INFORMATION
fixed length control field 080429e20080425xxk f 000 0 eng d
035 ## - SYSTEM CONTROL NUMBER
System control number (Sirsi) u143354
041 0# - LANGUAGE CODE
Language code of text/sound track or separate title eng
100 1# - MAIN ENTRY--PERSONAL NAME
Personal name Neale, Jon
245 00 - TITLE STATEMENT
Title Money or your life?
260 ## - PUBLICATION, DISTRIBUTION, ETC.
Date of publication, distribution, etc. 2008
490 #0 - SERIES STATEMENT
Series statement Building
Volume/sequential designation 273(8526) 25 April 2008, 70-73(4)
520 ## - SUMMARY, ETC.
Summary, etc. The "Building"/PSB housebuilders' salary survey reveals a 4% average increase in house builder's salaries compared to 2007, with some sectors (such as land and planning directors in the Midlands) earning 11% more. However, such increases reflect the strong market of 12 to 24 months ago, and salaries have started to drop since the credit crunch. In this climate of insecurity, development staff are getting drawn to the registered social landlord sector with its work-life balance benefits.
590 ## - LOCAL NOTE (RLIN)
Local note KA
650 24 - SUBJECT ADDED ENTRY--TOPICAL TERM
Topical term or geographic name entry element BUILDING/PSB HOUSEBUILDERS' SALARY SURVEY
651 #4 - SUBJECT ADDED ENTRY--GEOGRAPHIC NAME
Geographic name England
Chronological subdivision 886-
690 ## - LOCAL SUBJECT ADDED ENTRY--TOPICAL TERM (OCLC, RLIN)
Topical term or geographic name as entry element BUILT ENVIRONMENT
942 ## - ADDED ENTRY ELEMENTS (KOHA)
Suppress in OPAC 0
Holdings
Withdrawn status Lost status Source of classification or shelving scheme Damaged status Not for loan Home library Current library Shelving location Date acquired Total Checkouts Full call number Barcode Date last seen Copy number Price effective from Koha item type
    Dewey Decimal Classification     London London Journal article 29/04/2008   L143354 143354-1001 06/08/2019 1 06/08/2019 Journal article